Fundamentals of plant breeding and hybrid seed production
This text explores the fundamentals of plant breeding and hybrid seed production. It examines issues including male sterility, composite and synthetic varieties and disease resistance breeding.
Zapisane w:
| 1. autor: | |
|---|---|
| Format: | Książka |
| Język: | Undetermined |
| Wydane: |
Hoboken, N.J.
Science publishers, Inc.
1998
|
| Hasła przedmiotowe: | |
| Etykiety: |
Dodaj etykietę
Nie ma etykietki, Dołącz pierwszą etykiete!
|
| Thư viện lưu trữ: | Trung tâm Học liệu Trường Đại học Cần Thơ |
|---|
| LEADER | 00795nam a2200205Ia 4500 | ||
|---|---|---|---|
| 001 | CTU_192240 | ||
| 008 | 210402s9999 xx 000 0 und d | ||
| 082 | |a 631.53 | ||
| 082 | |b A277 | ||
| 100 | |a Agrawal, Rattan Lal | ||
| 245 | 0 | |a Fundamentals of plant breeding and hybrid seed production | |
| 245 | 0 | |c Rattan Lal Agrawal | |
| 260 | |a Hoboken, N.J. | ||
| 260 | |b Science publishers, Inc. | ||
| 260 | |c 1998 | ||
| 520 | |a This text explores the fundamentals of plant breeding and hybrid seed production. It examines issues including male sterility, composite and synthetic varieties and disease resistance breeding. | ||
| 650 | |a Plant breeding,Cây trồng | ||
| 650 | |y Công nghệ di truyền | ||
| 904 | |i Tuyến | ||
| 980 | |a Trung tâm Học liệu Trường Đại học Cần Thơ | ||